[Event "Terres Catalanes 15th"]
[Site "Ampuriabrava"]
[Date "1997.09.23"]
[Round "7"]
[White "Spraggett, Kevin"]
[Black "Giorgadze, Giorgi"]
[Result "1-0"]
[WhiteElo "2575"]
[BlackElo "2625"]

1.c4 e6 2.Nc3 d5 3.d4 c6 4.e3 Nf6 5.Nf3 Nbd7 6.Bd3 dxc4 7.Bxc4 b5 8.Be2 Be7
9.O-O O-O 10.Bd2 Bb7 11.a3 a6 12.b4 a5 13.Qb3 axb4 14.axb4 Nd5 15.Ne4 Qc7
16.Nc5 Nxc5 17.bxc5 Nf6 18.Rfd1 Rfb8 19.Rac1 Ra4 20.Ne5 Rba8 21.Bf3 Nd7 22.Nd3 Bf6
23.Nb4 g6 24.Qb1 Bg7 25.g3 Rd8 26.Bg2 Nf6 27.Be1 Nd5 28.Nd3 Bc8 29.Qb2 Bd7
30.Ne5 Be8 31.Nf3 f5 32.Qb1 Bf7 33.Bd2 e5 34.dxe5 Bxe5 35.Nxe5 Qxe5 36.Bc3 Qe7
37.Ba1 Kf8 38.Qb2 Bg8 39.Qh8 Rc4 40.Rxc4 bxc4 41.Bxd5 Rxd5 42.Rb1  1-0

[Event "RUS-ch (Women)"]
[Site "Elista"]
[Date "1997.09.28"]
[Round "10"]
[White "Matveeva, Svetlana"]
[Black "Stepovaia Dianchenko, Tatiana"]
[Result "1/2-1/2"]
[WhiteElo "2470"]
[BlackElo "2340"]

1.d4 d5 2.c4 c6 3.Nc3 Nf6 4.e3 e6 5.Nf3 Nbd7 6.Qc2 Be7 7.b3 b6 8.Bb2 Bb7
9.Be2 Rc8 10.O-O O-O 11.e4 dxe4 12.Nxe4 c5 13.Ng3 Qc7 14.Rad1 Rfd8 15.Rfe1 Nf8
16.dxc5 bxc5 17.Ne5 Ng6 18.Nxg6 hxg6 19.Bd3 Bc6 20.Bc3 Rd7 21.Qe2 Rcd8 22.Bc2 Rxd1
23.Bxd1 Qb7 24.f3 Qc7 25.Bc2 Bd6 26.Nf1 Bb7 27.Rd1 Rd7 28.Qe1 Bf4 29.Rxd7 Nxd7
30.Be4 Bxe4 31.Qxe4 Be5 32.Bd2 Bd4+ 33.Kh1 Nf6 34.Qe2 Ne8 35.Ng3 Nd6 36.Bf4 Qc6
37.Ne4 Nxe4 38.Qxe4 Qxe4 39.fxe4 e5 40.Bd2 f5 41.g4 fxe4 42.Kg2 Kf7 43.Bg5 Ke6
44.Kf1 a6 45.Ke2 Kd7 46.h3 Ke8 47.Bc1 Kd7 48.Bd2 Kd6 49.Ba5 Kc6 50.h4 Kd6
51.a3 Kd7 52.Bd2 Ke6  1/2-1/2

[Event "Oberliga Wuert9798"]
[Site "Wuerttemberg"]
[Date "1997.09.29"]
[Round "1"]
[White "Berezovsky, Igor"]
[Black "Duppel, Matthias"]
[Result "1-0"]
[WhiteElo "2370"]
[BlackElo "2315"]

1.d4 d5 2.c4 c6 3.Nc3 Nf6 4.e3 e6 5.Nf3 Nbd7 6.Qc2 Bd6 7.Be2 O-O 8.O-O Qe7
9.Rd1 dxc4 10.Bxc4 e5 11.h3 e4 12.Ng5 Nb6 13.Bb3 Bf5 14.f3 Nbd5 15.Ngxe4 Nxc3
16.Nxf6+ Qxf6 17.Qxc3 Qg5 18.e4 Qg3 19.exf5 Qh2+ 20.Kf1 Rfe8 21.Be3 Bg3 22.Bg1 Qh1
23.Re1 h5 24.Re4  1-0

[Event "ESP-ch"]
[Site "Torrevieja"]
[Date "1997.10.02"]
[Round "5"]
[White "Gomez Esteban, Juan Mario"]
[Black "Garcia Monteavaro, Carlos"]
[Result "1-0"]
[WhiteElo "2490"]
[BlackElo "2215"]

1.d4 d5 2.c4 e6 3.Nc3 Nf6 4.Nf3 c6 5.e3 Nbd7 6.Qc2 Be7 7.Bd3 h6 8.O-O O-O
9.Rd1 Re8 10.b3 b6 11.e4 dxe4 12.Nxe4 Nxe4 13.Bxe4 Bb7 14.Qe2 Bf6 15.Bf4 Qe7
16.Ne5 Rac8 17.Rd3 Ba8 18.Rad1 Bxe5 19.dxe5 Nc5 20.Rg3 Nxe4 21.Qxe4 Kh8 22.Bxh6 gxh6
23.Qf4 Qf8 24.Qf6+ Kh7 25.Rd7  1-0

[Event "AUT-chT 9798"]
[Site "Austria"]
[Date "1997.10.12"]
[Round "1"]
[White "Herndl, Harald"]
[Black "Volkmann, Friedrich"]
[Result "1/2-1/2"]
[WhiteElo "2365"]
[BlackElo "2395"]

1.d4 d5 2.c4 c6 3.Nf3 Nf6 4.Nc3 e6 5.e3 Nbd7 6.Qc2 Bd6 7.Be2 O-O 8.O-O Re8
9.Rd1 Qe7 10.a3 e5 11.cxd5 cxd5 12.Nb5 e4 13.Nxd6 Qxd6 14.Ne1 Nf8 15.Bd2 Ng4
16.Bxg4 Bxg4 17.Rdc1 Rac8 18.Qa4 a6 19.Bb4 Qd7  1/2-1/2

[Event "AUT-chT 9798"]
[Site "Austria"]
[Date "1997.10.13"]
[Round "2"]
[White "Zoebisch, Herbert"]
[Black "Steflitsch, Erich"]
[Result "1/2-1/2"]
[WhiteElo "2255"]
[BlackElo "2305"]

1.d4 d5 2.c4 c6 3.Nf3 Nf6 4.Nc3 e6 5.e3 Nbd7 6.Bd3 dxc4 7.Bxc4 b5 8.Bd3 a6
9.e4 c5 10.e5 cxd4 11.Nxb5 axb5 12.exf6 gxf6 13.O-O Qb6 14.Qe2 b4 15.Rd1 Bc5
16.Bf4 Bb7 17.Rac1 Rxa2 18.Bb5 Ra5 19.Bxd7+ Kxd7 20.Nxd4 Ke8 21.Be3 Rg8 22.g3 h5
23.Qxh5 Bxd4 24.Bxd4 Rxh5 25.Bxb6 Kf8 26.Rd7 Be4 27.Rcc7 Kg7 28.Rxf7+ Kg6
29.f4 Rd5 30.Rfd7 Rxd7 31.Rxd7 Rc8 32.Rd4 f5 33.Rxb4 Rc2 34.Bd4 Kh5 35.h3 Rg2+
36.Kf1 Rxg3 37.Rb8 Rf3+ 38.Ke2 Rxf4 39.Rh8+ Kg6 40.Rg8+ Kf7 41.Rg7+ Ke8  1/2-1/2

[Event "Nordic-ch VISA"]
[Site "Reykjavik"]
[Date "1997.10.16"]
[Round "8"]
[White "Djurhuus, Rune"]
[Black "Thorhallsson, Throstur"]
[Result "1-0"]
[WhiteElo "2525"]
[BlackElo "2510"]

1.d4 d5 2.c4 c6 3.Nf3 Nf6 4.Nc3 e6 5.e3 Nbd7 6.Qc2 Bd6 7.g4 Nxg4 8.Rg1 f5
9.h3 Ngf6 10.Rxg7 Ne4 11.Be2 Qf6 12.Rg2 Nf8 13.Bd2 Bd7 14.O-O-O Ng6 15.Ne5 Nxd2
16.Nxd7 Kxd7 17.Rxd2 f4 18.Bg4 Ke7 19.e4 f3 20.e5 Bxe5 21.dxe5 Nxe5 22.Rg1 Nxc4
23.Re1 Qf4 24.Rxe6+ Kf7 25.Re3 Nxe3 26.fxe3 Qxe3 27.Qf5+ Kg7 28.Nd1 Qe4 29.Qd7+ Kh6
30.Qd6+ Qg6 31.Qg3 Rhe8 32.Qxf3 Re4 33.Ne3 Qg5 34.Nf5+ Kg6 35.Ng3 Rc4+ 36.Kd1 Kg7
37.b3 Rc5 38.Qf2 b6 39.Qd4+ Kg8 40.Nh5 Rf8 41.Be6+ Rf7 42.Nf4 Kf8 43.Bxf7 Kxf7
44.Nd3 Qh5+ 45.Ke1  1-0

[Event "Budapest FS10 IM-A"]
[Site "Budapest"]
[Date "1997.10.17"]
[Round "13"]
[White "Hoang Than Trang"]
[Black "Cao Sang"]
[Result "1/2-1/2"]
[WhiteElo "2350"]
[BlackElo "2515"]

1.d4 Nf6 2.c4 e6 3.Nc3 d5 4.Nf3 c6 5.e3 Be7 6.cxd5 exd5 7.Bd3 O-O 8.O-O Nbd7
9.Rb1 Re8 10.b4 Nf8 11.Qb3 a6 12.a4 Ng6  1/2-1/2

[Event "London"]
[Site "London"]
[Date "1997.10.18"]
[Round "1"]
[White "Turner, Matthew"]
[Black "Wells, Peter K"]
[Result "1-0"]
[WhiteElo "2445"]
[BlackElo "2530"]

1.c4 e6 2.Nc3 d5 3.d4 c6 4.e3 Nf6 5.Nf3 Nbd7 6.Qc2 Bd6 7.b3 O-O 8.Bb2 e5
9.Be2 exd4 10.Nxd4 dxc4 11.Bxc4 Ne5 12.Be2 Re8 13.h3 Ng6 14.O-O-O Qe7 15.g4 Ba3
16.g5 Nd5 17.Nxd5 cxd5 18.Bxa3 Qxa3+ 19.Qb2 Qe7 20.h4 Ne5 21.Rhg1 Nc6 22.Bf3 a5
23.h5 a4 24.g6 hxg6 25.hxg6 Ra5 26.gxf7+ Qxf7 27.b4 a3 28.Qc3 Ra6 29.b5 Nxd4
30.Rxd4 Rf6 31.Bxd5 Be6 32.Bxe6 Qxe6 33.Rdg4 Rc8 34.Rxg7+ Kh8 35.Rc7  1-0

[Event "Nordic-ch VISA"]
[Site "Reykjavik"]
[Date "1997.10.20"]
[Round "11"]
[White "Djurhuus, Rune"]
[Black "Gausel, Einar"]
[Result "0-1"]
[WhiteElo "2525"]
[BlackElo "2540"]

1.d4 d5 2.c4 e6 3.Nc3 c6 4.e3 Nf6 5.Nf3 Nbd7 6.Bd3 dxc4 7.Bxc4 b5 8.Bd3 b4
9.Ne4 Bb7 10.O-O c5 11.Nxf6+ gxf6 12.e4 cxd4 13.Nxd4 Bd6 14.Qg4 Ne5 15.Bb5+ Ke7
16.Qe2 Qb6 17.Be3 Bc5 18.Rac1 Bxd4 19.Bxd4 Qxd4 20.Rc7+ Kf8 21.Rxb7 Kg7 22.Kh1 h5
23.f4 Ng4 24.Rd7 Qc5 25.h3 Rac8 26.Ba4 a5 27.Bb3 Rc6 28.Qd2 Nh6 29.Rd1 f5
30.e5 Ng4 31.Rf1 Ne3 32.Re1 Ng4 33.Rd4 Rc7 34.Rd1 Nh6 35.Rc4 Qa7 36.Rxc7 Qxc7
37.Qd7 Qb6 38.Qe7 Kh7 39.Qh4 Rg8 40.Qxh5 Qf2 41.Qf3 Qxb2 42.Rd7 Rg6 43.Qc6 Qf2
44.Rd1 Qxf4 45.Re1 Ng4  0-1

[Event "Nordic-ch VISA"]
[Site "Reykjavik"]
[Date "1997.10.20"]
[Round "11"]
[White "Schandorff, Lars"]
[Black "Tisdall, Jonathan D"]
[Result "1-0"]
[WhiteElo "2505"]
[BlackElo "2480"]

1.d4 d5 2.c4 c6 3.Nc3 Nf6 4.Nf3 e6 5.e3 Nbd7 6.Bd3 dxc4 7.Bxc4 b5 8.Bd3 a6
9.e4 c5 10.d5 c4 11.dxe6 fxe6 12.Bc2 Qc7 13.O-O Bd6 14.Kh1 e5 15.b3 Nb6 16.bxc4 Nxc4
17.Bb3 Bb7 18.Ng5 O-O-O 19.Ne6 Qc6 20.Nxd8 Rxd8 21.Bg5 Bc5 22.Qf3 Bd4 23.Rac1 Kb8
24.Bxf6 gxf6 25.Nd5 Rf8 26.Qe2 f5 27.Bxc4 bxc4 28.Rxc4 Qg6 29.Ne7 Qg7 30.Nc6+ Ka8
31.Rd1 Rg8 32.f3 Be3 33.Rd8+ Rxd8 34.Nxd8  1-0

[Event "WchT 4th"]
[Site "Luzern"]
[Date "1997.10.26"]
[Round "2"]
[White "Gurieli, Nino"]
[Black "Novikov, Igor A"]
[Result "1/2-1/2"]
[WhiteElo "2370"]
[BlackElo "2590"]

1.d4 d5 2.c4 e6 3.Nf3 Nf6 4.Nc3 c6 5.e3 Nbd7 6.Bd3 dxc4 7.Bxc4 b5 8.Bd3 Bb7
9.O-O b4 10.Ne4 Be7 11.Nxf6+ Nxf6 12.Qe2 O-O 13.e4 c5 14.dxc5 Rc8 15.a3 bxa3
16.b4 a5 17.Bxa3 axb4 18.Bxb4 Bxc5 19.Bxc5  1/2-1/2

[Event "Bahn-chT S+W"]
[Site "Friedrichroda"]
[Date "1997.10.27"]
[Round "2.3"]
[White "Litterst, Reinhard"]
[Black "Eckert, Michael"]
[Result "1/2-1/2"]
[WhiteElo "1974"]
[BlackElo "1906"]

1.d4 d5 2.c4 c6 3.e3 Nf6 4.Nc3 e6 5.Nf3 Bd6 6.Bd3 Nbd7 7.O-O O-O 8.b3 Re8
9.Bb2 e5 10.dxe5 Nxe5 11.Nxe5 Bxe5 12.h3 Ne4 13.Bxe4 dxe4 14.Qxd8 Rxd8 15.Rad1 Bf5  1/2-1/2

[Event "WchT 4th"]
[Site "Luzern"]
[Date "1997.10.27"]
[Round "3"]
[White "Kozul, Zdenko"]
[Black "Ioseliani, Nana"]
[Result "1/2-1/2"]
[WhiteElo "2605"]
[BlackElo "2520"]

1.d4 d5 2.c4 c6 3.e3 Nf6 4.Nc3 e6 5.Nf3 Nbd7 6.Bd3 dxc4 7.Bxc4 b5 8.Bd3 Bb7
9.e4 b4 10.Na4 c5 11.e5 Nd5 12.O-O cxd4 13.Re1 g6 14.Bg5 Qa5 15.Nxd4 a6 16.Rc1 Bg7
17.Nc6 Bxc6 18.Rxc6 O-O 19.Bc4 N5b6 20.Nxb6 Nxb6 21.Bb3 Rfc8 22.Rxc8+ Rxc8
23.Qd4 Qb5 24.h4 a5 25.h5 a4 26.Bd1 Nc4 27.Bf6 Qc5 28.Qh4 Nxb2 29.Bxg7 Kxg7
30.Qf6+ Kg8 31.Bg4 Re8 32.Be2 Qe7 33.Qf4 Rc8 34.h6 a3 35.Bb5 Qf8 36.g3 Rb8
37.Bf1 Na4 38.Bc4 Nc3 39.Bb3 Qe7 40.Kg2 Rd8 41.Kh3 Rd3 42.Rc1 Rd8  1/2-1/2

[Event "WchT 4th"]
[Site "Luzern"]
[Date "1997.10.29"]
[Round "5"]
[White "Sadler, Matthew"]
[Black "Ioseliani, Nana"]
[Result "1-0"]
[WhiteElo "2665"]
[BlackElo "2520"]

1.d4 d5 2.c4 c6 3.Nf3 Nf6 4.Nc3 e6 5.e3 Nbd7 6.Bd3 dxc4 7.Bxc4 b5 8.Bd3 Bb7
9.O-O b4 10.Ne4 Be7 11.Nxf6+ Nxf6 12.e4 O-O 13.Qe2 c5 14.dxc5 Rc8 15.Rd1 Qc7
16.c6 Bxc6 17.Nd4 Ba8 18.e5 Nd7 19.Bf4 Nc5 20.Bc2 a6 21.h4 Rfd8 22.h5 Qb7
23.Qg4 Kh8 24.Nf3 Ne4 25.Rxd8+ Bxd8 26.h6 g6 27.Rd1 Bb6 28.Bxe4 Qxe4 29.Qh4 Qf5
30.Nd4 Bxd4 31.Rxd4 Bd5 32.Rxb4 Kg8 33.Kh2 Rf8 34.f3 Rc8 35.a3 f6 36.Qxf6 Qxf6
37.exf6 Kf7 38.Bg5 e5 39.Rb6 Rc2 40.Kg3 e4 41.Rd6 Bc6 42.fxe4  1-0

[Event "WchT 4th"]
[Site "Luzern"]
[Date "1997.10.30"]
[Round "6"]
[White "Yermolinsky, Alex"]
[Black "Akopian, Vladimir"]
[Result "1/2-1/2"]
[WhiteElo "2650"]
[BlackElo "2660"]

1.Nf3 Nf6 2.c4 c6 3.Nc3 d5 4.e3 e6 5.d4 Nbd7 6.Bd3 dxc4 7.Bxc4 b5 8.Bd3 Bb7
9.O-O b4 10.Ne4 Be7 11.Nxf6+ Nxf6 12.Qe2 O-O 13.e4 c5 14.dxc5 Nd7 15.c6 Bxc6
16.Be3 Bb7 17.Rac1 Qa5 18.Rfd1 Rac8 19.Bb1 Rxc1 20.Rxc1 Rc8 21.Rd1  1/2-1/2

[Event "RUS-Cup01 Chigorin mem"]
[Site "St Petersburg"]
[Date "1997.11.01"]
[Round "1"]
[White "Solozhenkin, Evgeniy"]
[Black "Aleksandrov, Danila"]
[Result "1-0"]
[WhiteElo "2485"]
[BlackElo "2275"]

1.d4 d5 2.c4 e6 3.Nf3 Nf6 4.Nc3 c6 5.e3 Nbd7 6.Qc2 Bd6 7.Be2 O-O 8.O-O Qe7
9.Bd2 dxc4 10.Bxc4 e5 11.h3 e4 12.Ng5 Nb6 13.Bb3 Nfd5 14.Ngxe4 Bf5 15.f3 Rae8
16.Qd1 Bb8 17.Nxd5 Nxd5 18.Bxd5 cxd5 19.Nf2 Qc7 20.f4 Qb6 21.Qa4 Rc8 22.Bc3 Rfe8
23.Rfe1 Bd6 24.Rac1 Re7 25.Qd1 Rce8 26.Qd2 Qa6 27.a3 Qb5 28.Bb4 Bxb4 29.Qxb4 Qxb4
30.axb4 h5 31.g4 hxg4 32.hxg4 Bd7 33.Rc3 Bc6 34.Kg2 f6 35.Kf3 Kf7 36.Rh1 Ke6
37.Rh7 Kd6 38.f5 Bd7 39.Nh3 Ba4 40.b3 Bc6  1-0

[Event "RUS-Cup01 Chigorin mem"]
[Site "St Petersburg"]
[Date "1997.11.01"]
[Round "1"]
[White "Razuvaev, Yuri S"]
[Black "Bets, Anatolij"]
[Result "1-0"]
[WhiteElo "2555"]
[BlackElo "2350"]

1.d4 d5 2.c4 c6 3.Nf3 Nf6 4.Nc3 e6 5.e3 Nbd7 6.Qc2 Bd6 7.Bd3 O-O 8.O-O dxc4
9.Bxc4 Qe7 10.Bd2 b5 11.Bd3 Bb7 12.Ng5 h6 13.Nge4 Bc7 14.h3 Rfc8 15.b4 Nd5
16.Nxd5 cxd5 17.Nc5 Nxc5 18.dxc5 Bc6 19.e4 Qd7 20.Bc3 Rd8 21.Rad1 d4 22.Bb2 a5
23.a3 axb4 24.axb4 e5 25.Ra1 Qe6 26.Rfb1 Qe8 27.Qe2 f5 28.f3 f4 29.Bc1 Kf8
30.Bd2 Qd7 31.Qf1 g5 32.Rxa8 Rxa8 33.Ra1 Rxa1 34.Qxa1 h5 35.Kf2 Kg7 36.Ke2 Kf6
37.Bc2 Qe8 38.Bb3 Kg7 39.Bd5 Bd7 40.Be1 h4 41.Kd3 Qb8 42.Qa3 Qe8 43.Bd2 Qc8
44.Kc2 Be8 45.Qa7 Qb8 46.Qa6 Bd7 47.Kb2 Qc8 48.Bb7 Qg8 49.Bd5 Qb8 50.Ba2 Qc8
51.Qa7 Qb8 52.Qa3 Qe8 53.Bb3 Qc8 54.Bd5 Bb8 55.Qa2 Bc7 56.Bf7 Bb8 57.Bd5 Bc7
58.Be1 Bb8 59.Bf7 Bc6 60.Be6 Qc7 61.Bd2 Qa7 62.Qb3 Qc7 63.Bd5 Be8 64.Qa2 Qa7
65.Qa5 Qc7 66.c6 Qc8 67.Qxb5 Bd6 68.Qb6 Kf6 69.b5 Bc7 70.Qc5 Qd8  1-0

[Event "DEN-chT 9798"]
[Site "Denmark"]
[Date "1997.11.02"]
[Round "1"]
[White "Pedersen, Daniel Vesterbaek"]
[Black "Rodgaard, John"]
[Result "1/2-1/2"]
[WhiteElo "2335"]
[BlackElo "2320"]

1.d4 e6 2.Nf3 d5 3.c4 c6 4.Nc3 Nf6 5.e3 Nbd7 6.Bd3 Be7 7.b3 b6 8.O-O Bb7
9.Bb2 O-O 10.Qe2 Rc8 11.Rad1 Qc7 12.Ne5 Rfd8 13.f4 Bb4 14.Rf3 dxc4 15.bxc4 Bxc3
16.Bxc3 c5 17.Nxd7 Qxd7 18.d5 Qe7 19.Rh3 exd5 20.Bxh7+ Nxh7 21.Qh5 Qe4 22.f5 d4
23.Qxh7+ Kf8 24.Rg3 dxc3 25.Qxg7+ Ke7 26.Qg5+ Ke8 27.Qg8+ Ke7 28.Qg5+ Ke8
29.Qg8+  1/2-1/2

[Event "Budapest FS11 IM-B"]
[Site "Budapest"]
[Date "1997.11.04"]
[Round "3"]
[White "Szeberenyi, Adam"]
[Black "Mann, Gerald"]
[Result "0-1"]
[WhiteElo "2215"]
[BlackElo "2275"]

1.d4 d5 2.c4 c6 3.Nc3 Nf6 4.e3 e6 5.Nf3 Nbd7 6.Qc2 Bd6 7.g4 dxc4 8.Bxc4 e5
9.g5 Nd5 10.Bd2 exd4 11.Nxd5 cxd5 12.Bxd5 O-O 13.Nxd4 Qxg5 14.Be4 Nf6 15.Bf3 Bg4
16.Rg1 Rac8 17.Qd3 Qh4 18.Bc3 Bxh2 19.Rg2 Qh3 20.Qf1 h5 21.Bxg4 hxg4 22.Nf5 Nd5
23.Qh1 Be5 24.Qxh3 gxh3 25.Rg4 Rxc3 26.Rd1 Rc7 27.Rxd5 Re8 28.Rh4 h2 29.Kf1 g6
30.Nh6+ Kg7 31.Ng4 Bxb2 32.Rxh2 Rec8 33.Kg2 b6 34.Rh1 Ba3 35.Rhd1 Bb4 36.Nh2 Rc2
37.a4 R8c7 38.Nf3 Ra2 39.Rd7 Rxd7 40.Rxd7 Rxa4 41.Ne5 Kf6 42.Nc6 a5 43.Nd8 Be7
44.Nc6 Re4 45.Kf3 Re6 46.Nd4 Rd6 47.Rc7 Bd8 48.Rc8 Ke7 49.Ke4 Kd7 50.Rc2 f5+
51.Kf4 Rd5 52.Nf3 Bf6 53.e4 fxe4 54.Kxe4 Kd6 55.Nd2 b5 56.Nb3 a4 57.Na5 Rd4+
58.Ke3 Kd5 59.Nb7 Bg5+ 60.Ke2 Rc4 61.Rb2 b4 62.Rb1 Rc2+ 63.Kf3 b3  0-1

[Event "RUS-Cup01 Chigorin mem"]
[Site "St Petersburg"]
[Date "1997.11.04"]
[Round "4"]
[White "Lerner, Konstantin Z"]
[Black "Popov, Valerij"]
[Result "0-1"]
[WhiteElo "2560"]
[BlackElo "2440"]

1.d4 d5 2.c4 c6 3.Nf3 Nf6 4.Nc3 e6 5.e3 Nbd7 6.Bd3 a6 7.a4 Bb4 8.O-O Qe7
9.Qc2 O-O 10.Rd1 e5 11.cxd5 cxd5 12.e4 dxe4 13.Nxe4 Nxe4 14.Bxe4 h6 15.Bd2 Bxd2
16.Rxd2 exd4 17.Re1 Qb4 18.Rxd4 Qb6 19.Re3 Rb8 20.b4 Nf6 21.a5 Qa7 22.Rd6 b6
23.Rxf6 gxf6 24.Nd4 Re8 25.Nc6 Qc7 26.Rg3+ Kf8 27.Nxb8 Qxb8 28.Qc1 Ke7 29.h3 bxa5
30.bxa5 Qb5 31.Rc3 Be6 32.Rc7+ Kd8 33.Rc5 Qb4 34.Qd1+ Ke7 35.Rc7+ Kf8  0-1

[Event "RUS-Cup01 Chigorin mem"]
[Site "St Petersburg"]
[Date "1997.11.05"]
[Round "5"]
[White "Sirotkina, Nina"]
[Black "Kharitonov, Sergei"]
[Result "1/2-1/2"]
[WhiteElo "2310"]
[BlackElo "2100"]

1.d4 d5 2.c4 c6 3.Nc3 Nf6 4.e3 e6 5.Nf3 Nbd7 6.Qc2 Bd6 7.b3 O-O 8.Be2 b6
9.O-O Bb7 10.Bb2 Qe7 11.e4 dxe4 12.Nxe4 Nxe4 13.Qxe4 Nf6 14.Qh4 c5 15.Rad1 Rad8
16.dxc5 Bxc5 17.Ne5 Rxd1 18.Rxd1 Rd8 19.Rxd8+ Qxd8 20.Ng4 Be7 21.Nxf6+ Bxf6
22.Bxf6 Qxf6 23.Qxf6 gxf6 24.f4 f5 25.Kf2 Kf8 26.Bf3 Bxf3 27.Kxf3 a5 28.a3 Ke7
29.h3 h5 30.b4 axb4 31.axb4 Kd6 32.g4 hxg4+ 33.hxg4 fxg4+ 34.Kxg4 f6 35.Kf3 Kc7
36.Ke4 Kc6 37.Kd4 Kd6 38.Ke4  1/2-1/2

[Event "RUS-Cup01 Chigorin mem"]
[Site "St Petersburg"]
[Date "1997.11.05"]
[Round "5"]
[White "Sakaev, Konstantin"]
[Black "Kobalija, Mihail"]
[Result "1-0"]
[WhiteElo "2590"]
[BlackElo "2495"]

1.d4 d5 2.c4 c6 3.Nf3 Nf6 4.Nc3 e6 5.e3 Nbd7 6.Qc2 Bd6 7.Bd3 O-O 8.O-O dxc4
9.Bxc4 e5 10.Bd2 Qe7 11.Bb3 e4 12.Ng5 Bxh2+ 13.Kxh2 Ng4+ 14.Kg1 Qxg5 15.Qxe4 Ndf6
16.Qf4 Qh4 17.f3 g5 18.Qd6 Ne8 19.Qxf8+ Kxf8 20.fxg4 f6 21.Ne4 Kg7 22.Bd1 Be6
23.Be1 Qh6 24.Bc3 Qg6 25.Ng3 Qd3 26.Kh2 Rd8 27.Be2 Qg6 28.e4 Kg8 29.Rf2 Nd6
30.d5 Qh6+ 31.Kg1 Qh4 32.dxe6 Qxg3 33.Rd1 Kf8 34.Rd3  1-0

[Event "RUS-Cup01 Chigorin mem"]
[Site "St Petersburg"]
[Date "1997.11.05"]
[Round "5"]
[White "Ibragimov, Ildar"]
[Black "Iskusnyh, Sergei"]
[Result "1/2-1/2"]
[WhiteElo "2585"]
[BlackElo "2455"]

1.d4 d5 2.c4 c6 3.Nc3 Nf6 4.e3 e6 5.Nf3 Nbd7 6.Bd2 Bd6 7.Bd3 O-O 8.O-O dxc4
9.Bxc4 e5 10.Qc2 Qe7 11.Bb3 e4 12.Ng5 Bxh2+ 13.Kxh2 Ng4+ 14.Kg1 Qxg5 15.Qxe4 Ndf6
16.Qf4 Qh4 17.Bd1 Be6 18.Bxg4 Nxg4 19.Ne4 f5 20.Qg3 Qh6 21.Nc5 Rae8 22.Rfe1 Bc8
23.Nd3 Nf6 24.f3 Nd5 25.Ne5 Nxe3 26.Bxe3 f4 27.Bxf4 Rxf4 28.Rad1 Rd8 29.Re4 Rff8
30.b3 Bf5 31.Re2 Rd5 32.Nc4 Qf6 33.Re5 Rd7 34.d5 cxd5 35.Rexd5 Rxd5 36.Rxd5 Qa1+
37.Kh2 Qxa2 38.Nd6 Be6 39.Rg5 Qb2 40.Nxb7 Bxb3 41.Nc5 Bf7 42.Nd7 Re8 43.Ne5 g6
44.Qf4 Qb7 45.Ng4 Qb8 46.Re5 Rxe5 47.Nxe5 Be6 48.Qf6 Qe8 49.Nd3 a5 50.Nc5 Bf5
51.Qd4 h5 52.Nb7 a4 53.Nd6 Qd7 54.Nxf5 Qxf5  1/2-1/2

[Event "Budapest FS11 IM-B"]
[Site "Budapest"]
[Date "1997.11.06"]
[Round "5"]
[White "Szeberenyi, Adam"]
[Black "Izsak, Gyula"]
[Result "0-1"]
[WhiteElo "2215"]
[BlackElo "2405"]

1.d4 d5 2.c4 c6 3.Nc3 Nf6 4.e3 e6 5.Nf3 Nbd7 6.Qc2 Bd6 7.g4 Bb4 8.Rg1 Qe7
9.Bd2 Bxc3 10.Bxc3 b6 11.Bd3 dxc4 12.Bxc4 Bb7 13.g5 Nd5 14.Bxd5 exd5 15.O-O-O O-O-O
16.Qa4 Kb8 17.Bb4 Qe6 18.Qa3 c5 19.Bc3 f6 20.gxf6 gxf6 21.Qa4 Rdg8 22.Qc2 h5
23.Rg3 Rg4 24.Rdg1 Qe4 25.Qxe4 dxe4 26.Ne1 cxd4 27.Bxd4 Bd5 28.b3 Be6 29.Ng2 Rxg3
30.fxg3 Bg4 31.Rf1 Bh3 32.Rf2 Bxg2 33.Rxg2 h4 34.g4 Rg8 35.h3 f5 36.g5 Rg6
37.b4 Kc7 38.Bc3 Kc6 39.Be1 Ne5 40.Bxh4 Nf3 41.Bf2 Rxg5 42.Rxg5 Nxg5 43.h4 Nh7
44.h5 Kd5 45.Kc2 Nf6 46.h6 Ke6 47.Kc3 Kf7 48.Kc4 Ng4 49.h7 Kg7 50.Bg1 Kxh7
51.Kb5 f4 52.exf4 e3 53.Bxe3 Nxe3 54.Ka6 Nd5 55.Kxa7 b5 56.Kb7 Kg6 57.Kc6 Nc3
58.Kc5 Kf5 59.Kd4 Nxa2 60.Kc5 Nc3 61.Kd4 Na4 62.Ke3 Nb6 63.Kd4 Nc4  0-1

[Event "RUS-Cup01 Chigorin mem"]
[Site "St Petersburg"]
[Date "1997.11.06"]
[Round "6"]
[White "Volkov, Sergey"]
[Black "Sveshnikov, Evgeny"]
[Result "0-1"]
[WhiteElo "2535"]
[BlackElo "2570"]

1.d4 d5 2.c4 e6 3.Nc3 c6 4.e3 Nf6 5.Nf3 Nbd7 6.Bd3 dxc4 7.Bxc4 b5 8.Bd3 b4
9.Ne4 Nxe4 10.Bxe4 Bb7 11.Qa4 Qc7 12.O-O Be7 13.Bd2 Nf6 14.Bb1 a5 15.e4 O-O
16.e5 Nd5 17.Rc1 Rfc8 18.Ng5 Bxg5 19.Bxg5 f6 20.exf6 gxf6 21.Bh6 Qf7 22.Qd1 f5
23.Qd2 Kh8 24.a3 Rg8 25.Ba2 c5 26.dxc5 Rxg2+ 27.Kf1 Qg6 28.Qd4+ Kg8 29.c6 Ba6+
30.Bc4 Bxc4+ 31.Qxc4 Rxh2 32.Ke2 Qxh6 33.Rg1+ Kf7 34.Qb5 Qe3+ 35.Kd1 Qd4+
36.Kc1 Rxf2 37.Qb7+ Ne7  0-1

[Event "AUT-chT2O 9798"]
[Site "Austria"]
[Date "1997.11.08"]
[Round "2"]
[White "Farago, Ivan"]
[Black "Haba, Petr"]
[Result "1/2-1/2"]
[WhiteElo "2445"]
[BlackElo "2580"]

1.d4 d5 2.c4 c6 3.Nc3 Nf6 4.e3 e6 5.Nf3 Nbd7 6.Qc2 Bd6 7.Bd3 dxc4 8.Bxc4 O-O
9.O-O e5 10.h3 exd4 11.exd4 Nb6 12.Bb3 Nbd5 13.Bg5 Nc7 14.Rad1 Be6 15.Bxf6 Bxb3
16.Qxb3 Qxf6 17.d5 cxd5 18.Nxd5 Nxd5 19.Qxd5 Rfd8 20.Qxb7 Rab8 21.Qxa7 Rxb2
22.Kh1 h6 23.Qa6 Be7 24.Rxd8+ Bxd8 25.Qa8 Kh7 26.a4 g6 27.Qe4 Kg7 28.Qe5  1/2-1/2

[Event "Budapest FS11 IM-B"]
[Site "Budapest"]
[Date "1997.11.08"]
[Round "7"]
[White "Shishkim, Va"]
[Black "Izsak, Gyula"]
[Result "1/2-1/2"]
[WhiteElo "2250"]
[BlackElo "2405"]

1.d4 d5 2.c4 c6 3.e3 Nf6 4.Nc3 e6 5.Nf3 Nbd7 6.Qc2 Bd6 7.b3 Qe7 8.Be2 O-O
9.O-O b6 10.Bb2 Bb7 11.e4 dxe4 12.Nxe4 Nxe4 13.Qxe4 Nf6 14.Qh4 Ba3 15.Bc3 Bb4
16.Bb2 Ba3 17.Bc3  1/2-1/2

[Event "RUS-Cup01 Chigorin mem"]
[Site "St Petersburg"]
[Date "1997.11.08"]
[Round "8"]
[White "Bets, Anatolij"]
[Black "Sinkevich, Petr"]
[Result "1-0"]
[WhiteElo "2350"]
[BlackElo "2205"]

1.d4 d5 2.c4 c6 3.Nc3 Nf6 4.e3 e6 5.Nf3 Nbd7 6.Qc2 Bd6 7.Be2 O-O 8.O-O dxc4
9.Bxc4 Qe7 10.a3 e5 11.h3 h6 12.Nh4 Nb6 13.Ba2 Kh8 14.Bxf7 Qxf7 15.dxe5 Rd8
16.exd6 Rxd6 17.e4 Rd8 18.f4 Qh5 19.Qf2 Rd3 20.f5 Qe8 21.e5 Nfd5 22.Ne4 Nd7
23.Kh1 Kg8 24.e6 N7f6 25.Nc5  1-0

[Event "RUS-Cup01 Chigorin mem"]
[Site "St Petersburg"]
[Date "1997.11.08"]
[Round "8"]
[White "Shipov, Sergei"]
[Black "Novgorodskij, Vladimir"]
[Result "1-0"]
[WhiteElo "2575"]
[BlackElo "2390"]

1.d4 d5 2.c4 c6 3.Nf3 Nf6 4.Nc3 e6 5.e3 Nbd7 6.Qc2 Bd6 7.Bd3 O-O 8.O-O Qe7
9.c5 Bc7 10.e4 dxe4 11.Nxe4 Nxe4 12.Bxe4 h6 13.Re1 Nf6 14.Bd3 Rd8 15.Bd2 Rd5
16.Bc4 Rh5 17.h3 Nd5 18.Qe4 Qf6 19.Bd3 Rf5 20.Ne5 Nf4 21.Bf1 Qg5 22.g4 Rf6
23.Rad1 h5 24.h4 Nh3+ 25.Bxh3 Qxh4 26.g5 Qxh3 27.gxf6 gxf6 28.Re3  1-0

[Event "AUT-chT2O 9798"]
[Site "Austria"]
[Date "1997.11.09"]
[Round "3"]
[White "Heimberger, Reinhard"]
[Black "Pingitzer, Harald"]
[Result "0-1"]
[WhiteElo "2260"]
[BlackElo "2345"]

1.c4 c6 2.Nf3 d5 3.e3 Nf6 4.Nc3 e6 5.d4 Nbd7 6.cxd5 exd5 7.Bd3 Bd6 8.O-O O-O
9.Qc2 Re8 10.Re1 Nf8 11.e4 dxe4 12.Nxe4 Nxe4 13.Bxe4 Bg4 14.Ne5 Bb4 15.Re3 Be6
16.Nf3 Qa5 17.a3 Bd6 18.Bd2 Qh5 19.Rae1 Ng6 20.Ne5 Nh4 21.Qb1 f6 22.Bf3 Nxf3+
23.Nxf3 Bd5 24.Rxe8+ Rxe8 25.Rxe8+ Qxe8 26.Ne1 Qe6 27.Qd3 g6 28.Qe3 Qe4 29.f3 Qxe3+
30.Bxe3 Kf7 31.Nd3 Bc4 32.Nc5 b6 33.Ne4 Be7 34.Kf2 Ke6 35.Nc3 f5 36.g3 Bf6
37.Ke1 b5 38.b4 Bd5 39.Ke2 Bc4+ 40.Kd2 a6 41.Nd1 Bd8 42.Nb2 Kd5 43.Nd3 Bxd3
44.Kxd3 Bb6 45.Bf2 a5 46.Be3 Bd8 47.Bd2 axb4 48.Bxb4 Bb6 49.Bc3 Bc7 50.Bd2 Bd6
51.Bc1 h5 52.Kc3 Be7 53.Kd3 Bd6 54.Kc3 h4 55.gxh4 Bxh2 56.Be3 Bg3 57.Bg5 Bd6
58.Be3 Bxa3 59.Kb3 Be7 60.Bf2 Bf6  0-1

[Event "AUT-chT 9798"]
[Site "Austria"]
[Date "1997.11.09"]
[Round "5"]
[White "Pinter, Jozsef"]
[Black "Herndl, Harald"]
[Result "1-0"]
[WhiteElo "2590"]
[BlackElo "2365"]

1.d4 d5 2.c4 c6 3.Nc3 Nf6 4.e3 e6 5.Nf3 Nbd7 6.Bd3 dxc4 7.Bxc4 b5 8.Bd3 Bb7
9.O-O b4 10.Ne4 Be7 11.Nxf6+ Nxf6 12.e4 O-O 13.Qc2 h6 14.e5 Nd7 15.Bh7+ Kh8
16.Be4 Qb6 17.Be3 c5 18.Rfd1 Rac8 19.Bxb7 Qxb7 20.dxc5 Nxc5 21.Qe2 Rfd8 22.Rac1 Rxd1+
23.Rxd1 Na4 24.h3 Kg8 25.Rd2 Rc1+ 26.Kh2 Rc7 27.Nd4 Rd7 28.Qg4 Kh7 29.Nf5 Bf8
30.Nd6 Bxd6 31.exd6 Qb5 32.Qe4+ Kg8 33.Rc2 Rd8 34.Rc7 Nb6 35.Qf4 Nd7 36.Qg3 Kh7
37.Rxa7 Qd5 38.Rc7 e5 39.Qh4 f6 40.Bxh6 Qxd6 41.Be3+ Kg6 42.Qe4+  1-0

[Event "Budapest FS11 IM-B"]
[Site "Budapest"]
[Date "1997.11.12"]
[Round "11"]
[White "Molnar, Laszlo"]
[Black "Izsak, Gyula"]
[Result "1/2-1/2"]
[WhiteElo "2210"]
[BlackElo "2405"]

1.d4 e6 2.Nf3 d5 3.c4 c6 4.e3 Nf6 5.Nc3 Nbd7 6.Bd3 Bd6 7.O-O O-O 8.e4 dxe4
9.Nxe4 Nxe4 10.Bxe4 Nf6  1/2-1/2